Religious movements and social structure: the case of Chaitanya's Vaisnavas of Bengal (Record no. 361109)

000 -LEADER
fixed length control field 00470cam a22001337a 4500
008 - FIXED-LENGTH DATA ELEMENTS--GENERAL INFORMATION
fixed length control field 180718b1993 xxu||||| |||| 00| 0 eng d
020 ## - INTERNATIONAL STANDARD BOOK NUMBER
International Standard Book Number 8185952094
082 ## - DEWEY DECIMAL CLASSIFICATION NUMBER
Classification number B19x5412 Oc5
100 ## - MAIN ENTRY--PERSONAL NAME
Personal name O'Connell, Joseph, T.
245 ## - TITLE STATEMENT
Title Religious movements and social structure: the case of Chaitanya's Vaisnavas of Bengal
Statement of responsibility, etc. by Joseph, T.O'Connell
260 ## - PUBLICATION, DISTRIBUTION, ETC.
Place of publication, distribution, etc. Shimla
Name of publisher, distributor, etc. Indian Institute of Advanced Study
Date of publication, distribution, etc. 1993
300 ## - PHYSICAL DESCRIPTION
Extent 43p.
650 ## - SUBJECT ADDED ENTRY--TOPICAL TERM
Topical term or geographic name entry element India -West Bengal - Social conditions
Holdings
Withdrawn status Lost status Damaged status Not for loan Permanent Location Current Location Date acquired Full call number Barcode Date last seen Price effective from Koha item type
        Indian Institute of Public Administration Indian Institute of Public Administration 1994-11-08 B19x5412 Oc5 67880 2018-07-21 2018-07-21 Book

Powered by Koha